00520nam a2200133 a 4500008004100000050002300041110006000064245009100124260007700215300001500292650003100307650001800338650003000356150916s2013 ||||||||||||||||| || u aZIPAR(058)AR/2013A aZambia Institute for Policy Analysis & Research (ZIPAR)10aZIPAR annual report 2013cBy Zambia institute for Policy Analysis and Research (ZIPAR) aLusaka:bZambia Institute for Policy Analysis and Research (ZIPAR)c2013 a28p.: ill. aECONOMIC ACTIVITIES-ZAMBIA aANNUAL REPORT aECONOMIC POLICIES--ZAMBIA